000 00620nam a2200253Ia 4500
005 20260121154804.0
008 008 260114s9999 xx 000 0 eng d
020 _a9781003174172
037 _aEBOOK
040 _aCRL
040 _beng
040 _cCRL
041 _2eng
041 _aeng
084 _qCRL
100 _a Reynaldo Gacho Segumpan; John McAlaney
_91011517
245 0 _aHigher Education in the Gulf
260 _bTaylor and Francis
260 _c2021
856 _uhttp://www.taylorfrancis.com/books/9781003174172
942 _cEBOOK
999 _c1578338
_d1578338